Electromagnetism and relativity

Guardat en:
Dades bibliogràfiques
Autor principal: Ney, Edward Purdy (Autor)
Format: Llibre
Idioma:anglès
Publicat: Nueva York Harper and Row 1962
Matèries:
Etiquetes: Afegir etiqueta
Sense etiquetes, Sigues el primer a etiquetar aquest registre!

MARC

LEADER 00000nam a2200000 a 4500
001 UCH2503
003 CL-VaPUC
008 090618e19620000US |||||||||||||||||eng|d
082 0 4 |a 537  |b NEY  |2 21 
100 |a Ney, Edward Purdy  |e author  |9 537352 
245 1 0 |a Electromagnetism and relativity 
300 |a 147 p 
942 |c BK 
945 |d 20090618 00:00:00  |a rbrito 
260 |a Nueva York  |b Harper and Row  |c 1962 
650 0 |a Electromagnetismo   |9 260123 
650 0 |a Relatividad  |9 269977 
650 0 |a Teoría de la relatividad   |9 266149 
583 |a last modification  |c 20090618 00:00:00  |k Rodrigo Vera 
999 |c 334234  |d 334232 
952 |0 0  |1 0  |4 0  |6 537_000000000000000_NEY_1962  |7 0  |8 A  |9 423094  |a BIBCUR  |b BIBCUR  |d 2019-11-22  |i 4535731  |l 1  |o 537 NEY 1962  |p 4535731  |r 2025-04-22  |s 2024-12-11  |w 2019-11-22  |y BK  |k FIS